| 000 | 05271nam a22005777a 4500 | ||
|---|---|---|---|
| 005 | 20100923113528.0 | ||
| 010 | _aENG-101517 | ||
| 020 |
_a9788183332699 _c150.00 |
||
| 035 | _aEN-85050 | ||
| 035 | _aB-424268-290 | ||
| 037 | _bDBAD / PUB | ||
| 037 | _bBlueberry Books | ||
| 082 | _a004.6 | ||
| 100 |
_aJain, Satish _91584 |
||
| 245 |
_aCourse on computer concepts (CCC) made simple : _baccording to DOEACC revised syllabus of year 2010 / _cby Satish Jain, Shalini Jain [and] Geetha Iyer |
||
| 250 | _a2nd rev. ed | ||
| 260 |
_aNew Delhi _bBPB Publications _c2010 |
||
| 270 |
_aB-14, Connaught Place _bNew Delhi _e110001 |
||
| 300 |
_axi, 214p. : _bill. _c29cm (pbk) |
||
| 500 | _aIncludes index | ||
| 650 |
_aComputer science _928677 |
||
| 650 |
_aComputer science _xStudy and teaching (higher) _928678 |
||
| 700 |
_aJain,Shalini _921241 |
||
| 700 |
_bIyer,Geetha _921262 |
||
| 942 |
_2ddc _cEN _h004.6 _mJAI |
||
| 999 |
_c47590 _d47590 |
||